[Event "Bergamo Open 2017"]
[Site "Bergamo"]
[Date "2017.07.14"]
[Round "1"]
[White "Salgado Lopez, Ivan"]
[Black "Ventura, Salvatore"]
[Result "1-0"]
[WhiteElo "2622"]
[BlackElo "2105"]
[Annotator "TA"]
[PlyCount "107"]
[EventDate "2017.??.??"]
[EventCountry "ITA"]
[SourceTitle "playchess.com"]
[Source "ChessBase"]
[SourceQuality "1"]

{[%evp 10,107,33,25,48,36,47,43,66,69,79,36,39,-25,-10,-35,-33,-34,-22,-21,-16,-21,0,-11,-9,-15,-7,-14,64,-30,0,-17,24,-24,0,-102,-32,-52,48,31,48,36,61,77,233,6,11,-20,0,-21,0,-44,0,0,0,2,8,0,27,22,33,20,27,18,27,5,63,55,55,12,12,12,12,3,37,10,122,120,146,138,218,216,192,220,384,374,364,317,435,426,568,549,779,767,683,620,29989,29990,29992,29993]} 1. e4 c5 2. Nc3 a6 3. g3 b5 4. Bg2 Bb7 5. Nge2 e6 6. O-O Be7 {B23: Closed Sicilian: Lines without g3} (6... Nc6 7. d4 cxd4 8. Nxd4 Nge7 9. Bf4 Ng6 10. Be3 Nge5 11. Nxc6 Bxc6 12. Bd4 Ng6 13. Re1 f6 14. Nd5 {0-1 (54) Jovanovic,Z (2534)-Vitiugov,N (2726) Tallinn 2016}) 7. Re1 Qc7 8. d4 cxd4 {White is slightly better.} 9. Nxd4 d6 10. a3 $146 ({Predecessor:} 10. a4 bxa4 11. Nxa4 Nf6 12. b3 O-O 13. c4 Nfd7 14. Be3 Nc6 15. Qc2 Rfc8 16. Nc3 Nc5 17. Red1 Rab8 18. f4 Nb4 19. Qe2 Ba8 {0-1 (62) Djordjevic,V (2269)-Nestorovic,D (2425) Veliko Gradiste 2015}) 10... Nf6 {[%cal Bg8f6,Bf6d7,Bd7b6,Bb6c4][%mdl 32]} 11. g4 (11. a4 $14) 11... h6 $11 12. h3 Nbd7 13. f4 Nc5 14. Qe2 O-O 15. Bd2 Nfd7 16. Rad1 (16. b4 $5 {[%cal Rb4c5]}) 16... Nb6 17. Qf2 Nc4 18. Bc1 $1 Nd7 (18... Qd8 $11) 19. Rd3 (19. h4 $1 $14) 19... Nc5 20. Rdd1 Nd7 21. Rd3 Nc5 22. Rf3 {[#]} (22. Rdd1 $11 {remains equal.}) 22... Rac8 (22... Qd8 $1 $17 {...Bh4 is the strong threat.} 23. Qe2 Qb6) 23. h4 Qd8 ({Black should try} 23... d5 $15 24. exd5 Bxd5 25. Nxd5 exd5) 24. g5 h5 25. Rg3 (25. b3 $5 {[%cal Rb3c4]} Nb6 26. f5 $16) 25... g6 $1 26. b3 e5 $2 (26... Nb6 $16) 27. Nf5 $2 ({Only move:} 27. bxc4 $18 {And now Nde2 would win.} exd4 28. Nd5) 27... exf4 $1 28. Nxe7+ Qxe7 29. Qxf4 Ne5 30. Rf1 Ne6 31. Qd2 Qc7 32. Bh3 Qb6+ 33. Kh2 Rce8 34. Bb2 Nc5 35. Rf4 Ne6 36. Rf2 Nc5 37. Qd4 Na4 (37... Qc6 $11) 38. Qxb6 $14 Nxb6 39. Rg1 Bc8 40. Rd1 Bxh3 41. Kxh3 Re6 (41... Ng4 $5 {[%cal Rg4f2]} 42. Re2 Re6 $11) 42. Kg3 Rc8 (42... Ng4 $11 43. Re2 f6) 43. Rfd2 $16 Rd8 44. Ne2 Nec4 (44... Nc8 $16 {might work better.}) 45. bxc4 $18 Nxc4 46. Bf6 Nxd2 $2 (46... Rde8 {was called for.}) 47. Bxd8 Nxe4+ 48. Kf3 Nc5 49. Nf4 Re4 50. Rxd6 Rc4 51. Bf6 {[#] Rd8+ would kill now.} Ne6 52. Nd5 Rxh4 53. Rb6 Nf8 54. Rb8 {Precision: White = 41%, Black = 22%.} 1-0

[Event "Bergamo Open 2017"]
[Site "Bergamo"]
[Date "2017.07.14"]
[Round "1"]
[White "Brunello, Sabino"]
[Black "Piccirillo, Edoardo"]
[Result "1-0"]
[WhiteElo "2572"]
[BlackElo "2095"]
[Annotator "TA"]
[PlyCount "73"]
[EventDate "2017.??.??"]
[EventCountry "ITA"]
[SourceTitle "playchess.com"]
[Source "ChessBase"]
[SourceQuality "1"]

{[%evp 14,72,43,41,45,34,32,30,86,85,140,145,144,153,187,32,77,47,60,35,42,47,107,122,116,110,197,160,207,199,217,246,262,277,434,429,572,576,656,491,475,485,483,458,501,391,587,587,587,587,587,558,787,771,29984,29985,29988,29989,29998,29999,29999]} 1. d4 d5 2. c4 e6 3. Nc3 c6 4. e3 Bd6 5. Qc2 f5 6. Bd3 {D31: Queen's Gambit Declined: Semi-Slav without ...Nf6 (+ Marshall Gambit and Noteboom) and Exchange Variation lines without ...Nf6} Nh6 7. Nge2 O-O 8. Bd2 {LiveBook: 8 Games. White is slightly better.} a5 9. h3 Na6 10. a3 Kh8 $146 (10... dxc4 $11 {keeps the balance.} 11. Bxc4 b5) ({Predecessor:} 10... dxc4 11. Bxc4 b5 12. Ba2 Kh8 13. O-O e5 14. dxe5 Bxe5 {1-0 (58) Illescas Cordoba,M (2581)-Garcia Ramos,J (2310) Dos Hermanas 2000}) 11. c5 $16 Be7 (11... Bc7 $142) 12. Na4 Nb8 13. O-O-O Nd7 14. f4 $2 (14. Nf4 $18 Nf6 15. Kb1) 14... Qc7 15. g4 $36 {[%mdl 2048] Black is under pressure.} b5 16. cxb6 Nxb6 17. Nc5 Qd6 ({Black should try} 17... Nf7 $14) 18. Kb1 Nd7 19. Rc1 Nb8 (19... Nf7 $16) 20. Ng1 Na6 21. Nf3 ({Resist} 21. Bxa5 $6 Qb8 $16) 21... Nxc5 22. dxc5 ({Don't take} 22. Qxc5 $6 Ba6 $14) 22... Qc7 23. Bc3 {[%cal Bd2c3,Bc3d4,Bd4e5][%mdl 32]} Kg8 (23... Bf6 {might work better.} 24. Bxf6 gxf6) 24. Rcg1 $18 g6 25. g5 Nf7 26. Bd4 e5 27. Nxe5 Nxe5 28. Bxe5 Qa7 29. Bd4 Rf7 (29... Be6 $142 30. h4 a4) 30. h4 {[%cal Bh3h4,Bh4h5][%mdl 32]} Bf8 31. h5 Bg7 32. Qh2 Ba6 33. Bxa6 {[#] Strongly threatening hxg6.} Qxa6 34. hxg6 {White mates.} Qd3+ 35. Ka1 hxg6 {[#]} 36. Qh8+ $1 {[%mdl 512]} Bxh8 37. Rxh8# {Precision: White = 72%, Black = 41%.} 1-0

[Event "Bergamo Open 2017"]
[Site "Bergamo"]
[Date "2017.07.14"]
[Round "1"]
[White "Kuljasevic, Davorin"]
[Black "Gennari, Jacopo"]
[Result "1-0"]
[WhiteElo "2546"]
[BlackElo "2075"]
[Annotator "TA"]
[PlyCount "75"]
[EventDate "2017.??.??"]
[EventCountry "ITA"]
[SourceTitle "playchess.com"]
[Source "ChessBase"]
[SourceQuality "1"]

{[%evp 13,75,16,38,30,49,43,97,91,210,212,211,205,211,204,202,202,210,207,207,199,225,215,266,258,266,256,309,308,289,294,338,290,284,192,191,177,188,188,187,184,181,184,187,168,162,168,143,0,142,115,204,209,299,280,451,423,577,579,706,702,728,713,822,805]} 1. d4 e6 2. c4 Nf6 3. Nc3 Bb4 4. Qc2 c5 5. dxc5 Bxc5 6. Nf3 b6 7. Bf4 {E38: Nimzo-Indian: Classical: 4...c5} Bb7 {LiveBook: 8 Games} 8. Rd1 Qe7 $146 ({Predecessor:} 8... O-O 9. a3 d5 10. e4 Qc8 11. e5 Ng4 12. Bg3 dxc4 13. Ne4 b5 14. Nfg5 g6 15. Be2 Nh6 16. Nf6+ Kg7 17. Ngxh7 Rd8 18. h4 Nc6 19. h5 Nd4 20. Rxd4 Bxd4 21. hxg6 fxg6 22. Rxh6 {1-0 (22) Webb,S (2648)-Johnson,M (2579) RCCA corr 2000}) 9. a3 {Hoping for b4.White is slightly better.} d5 (9... a5 $14) 10. b4 $16 Bd6 (10... e5 $16) 11. Bxd6 $18 Qxd6 12. Nb5 $1 {[%cal Rb5d6]} Qd7 13. Ne5 Qe7 14. cxd5 exd5 15. Qc7 Kf8 {[#]} 16. Qxe7+ $1 Kxe7 {[#]} 17. Nc7 $1 Na6 18. Nxa8 Rxa8 19. Rc1 d4 20. Nc6+ Bxc6 21. Rxc6 Rd8 22. e3 d3 23. f3 {Threatens to win with Kd2.} d2+ 24. Kd1 Nd5 25. Bxa6 Nxe3+ 26. Ke2 {Rc7+ is the strong threat.} d1=Q+ 27. Rxd1 Nxd1 {[%mdl 4096] Endgame KRB-KRN} 28. Rc1 Nb2 29. Rc2 Nd1 30. Rc1 Nb2 31. Rc7+ Kf6 (31... Rd7 $16 32. Rc2 Nd1) 32. Rxa7 Na4 (32... Rd6 $142 33. Rb7 Re6+ 34. Kf1 Nd1) 33. Rc7 Ra8 $2 (33... Rd5 {was necessary.} 34. Bc4 Nc3+ 35. Ke3 Nd1+ 36. Ke4 Nc3+ 37. Kf4 g5+ 38. Kg3 Rd4 39. Rxf7+ Ke5) 34. Bb5 {White is clearly winning.} Ke6 35. Kd2 Kd6 36. Rxf7 Nb2 37. Kc2 Na4 38. Kb3 {Precision: White = 91%, Black = 16%.} 1-0

[Event "Bergamo Open 2017"]
[Site "Bergamo"]
[Date "2017.07.14"]
[Round "1"]
[White "Valsecchi, Alessio"]
[Black "Foglieni, Matteo"]
[Result "1/2-1/2"]
[WhiteElo "2506"]
[BlackElo "2056"]
[Annotator "TA"]
[PlyCount "74"]
[EventDate "2017.??.??"]
[EventCountry "ITA"]
[SourceTitle "playchess.com"]
[Source "ChessBase"]
[SourceQuality "1"]

{[%evp 13,74,5,8,0,61,39,53,56,62,56,76,71,86,85,113,97,123,-2,-12,-12,-5,-20,0,-12,2,-11,-8,-18,-14,-73,-65,-99,-69,-64,-78,-82,-3,-120,-131,-150,-144,-144,-144,-228,-117,-120,-102,-80,-107,-164,-68,-119,-119,-119,-123,-129,-129,-115,-119,-137,-149,-226,-185]} 1. e4 c6 2. d4 d5 3. e5 c5 4. dxc5 e6 5. a3 Bxc5 6. b4 {[%cal Bb2b4,Bb4b5][%mdl 32] B12: Caro-Kann: Advance Variation} (6. Nf3 Ne7 7. Bd3 Ng6 8. O-O Nc6 9. b4 Bb6 10. Bb2 Nf4 11. c4 Nxd3 12. Qxd3 dxc4 13. Qxc4 {1-0 (30) Karjakin,S (2783)-Topalov,V (2741) Shamkir 2017}) 6... Bb6 7. Nf3 Ne7 {LiveBook: 5 Games} 8. Bb2 {The position is equal.} Qc7 (8... O-O $11) 9. Bd3 a5 $146 ({Predecessor:} 9... Ng6 10. O-O O-O 11. Re1 a5 12. Nc3 Bd7 {1-0 (27) Gong,Q (2327)-Hoang,T (2207) Sharjah 2014}) 10. Nc3 Bd7 $1 11. b5 a4 12. O-O Ng6 13. Ne2 Ra5 14. Ned4 Bxd4 15. Bxd4 ({Only move:} 15. Nxd4 $16 {Black must now prevent Qd2.} O-O 16. Qh5) 15... Bxb5 $11 16. Rb1 Bxd3 17. cxd3 {Threatens to win with Bb6.} Ra8 18. h4 (18. Bb6 $5 {[%cal Rb6c7]} Qc8 19. Nd4 $11) 18... Nd7 19. Qd2 O-O {[%cal Rg6e5]} 20. Rfc1 Qb8 $36 {[%cal Rg6e5][%mdl 2048] Black has good play.} 21. Qg5 (21. Qb2 $11) 21... h6 22. Qe3 Rc8 23. Bc3 Ra6 (23... Nc5 $5 {[%cal Rc5b3]} 24. h5 Ne7 $17) 24. h5 Rac6 ({Black should play} 24... Ne7 $1 $17) 25. d4 (25. hxg6 $11 Rxc3 26. gxf7+ Kxf7 27. Qf4+ Kg8 28. Rxc3 Rxc3 29. Qb4) 25... Ne7 $17 26. g4 Qc7 {[%cal Rc6c3]} 27. Bd2 Nb6 $1 {[%cal Bd7b6,Bb6c4,Bc4e5,Be5d3][%mdl 32] ...Nc4 is the strong threat.} 28. Qf4 {[#]} (28. Rxc6 $17 {keeps fighting.} Qxc6 29. Qf4) 28... Rxc1+ (28... Nc4 $1 $19 {[%cal Rc4d2]} 29. Rf1 Nxa3) 29. Rxc1 Qd7 30. Rb1 Nc4 31. Bc1 (31. Bb4 $17) 31... Rc6 ({Black should try} 31... Na5 $19 {Strongly threatening ...Nb3.} 32. Nh4 Nb3) 32. Nh4 (32. g5 $1 $15) 32... Qc7 33. g5 {[#]} Nxe5 $1 {[%mdl 512]} 34. gxh6 (34. dxe5 Rc4) 34... Nd3 35. Qxc7 Rxc7 36. Be3 gxh6 37. Bxh6 (37. Kf1 $17) 37... Nc8 {Precision: White = 45%, Black = 43%.} 1/2-1/2

[Event "Bergamo Open 2017"]
[Site "Bergamo"]
[Date "2017.07.14"]
[Round "1"]
[White "Manea, Alexandru"]
[Black "Forno, Diego"]
[Result "1-0"]
[WhiteElo "2414"]
[BlackElo "2040"]
[Annotator "TA"]
[PlyCount "109"]
[EventDate "2017.??.??"]
[EventCountry "ITA"]
[SourceTitle "playchess.com"]
[Source "ChessBase"]
[SourceQuality "1"]

{[%evp 9,109,0,28,22,32,31,40,19,34,20,33,29,55,7,23,0,45,-45,-52,-37,-40,-46,-25,-62,-63,-88,-69,-79,-68,-64,-24,-44,-45,-224,-246,-231,-237,-301,-277,-323,-296,-357,0,0,0,5,102,96,115,89,83,78,77,91,91,85,93,88,94,6,6,7,4,0,99,95,93,96,216,8,8,8,8,8,8,0,325,325,314,307,4572,2908,4562,1736,1560,422,273,93,4578,5009,1753,1753,576,36,5665,5658,4618,4614,29984,29985,29985,29986]} 1. d4 Nf6 2. Bf4 d6 3. c4 g6 4. Nc3 Bg7 5. Qd2 Nc6 (5... O-O 6. Rd1 Na6 7. Nf3 Re8 8. h3 c5 9. e3 Bf5 10. Be2 Qb6 11. O-O Ne4 12. Nxe4 Bxe4 {1-0 (35) Moiseenko,V (2520)-Vasiukov,E (2411) Taganrog 2017}) 6. Nf3 {E61: King's Indian: Early deviations for White, including Smyslov System} O-O 7. d5 Nb8 {[%cal Bc6b8,Bb8a6,Ba6c5][%mdl 32]} 8. e4 {White is slightly better.} Na6 $146 ({Predecessor:} 8... Nbd7 9. Rb1 Nc5 10. Bd3 e6 11. O-O exd5 12. exd5 Nxd3 13. Qxd3 {0-1 (60) Legradi,D (1892)-Veber,R (2001) Hungary 2005}) 9. Bd3 Nc5 10. Bc2 a5 11. Bh6 e5 12. h3 Nh5 13. Ne2 (13. Bg5 $14 Bf6 14. Bh6) 13... f5 $15 14. Bxg7 Kxg7 15. Qe3 Qf6 16. Nd2 Nf4 17. Rg1 fxe4 18. Nxe4 Nxe4 19. Bxe4 Bf5 20. Nc3 {[#]} b5 $1 {[%mdl 512]} 21. Nxb5 $2 (21. cxb5 $15 Bxe4 22. Nxe4) 21... Bxe4 $19 22. Qxe4 {[#]} Nd3+ $1 {[%mdl 512]} 23. Ke2 (23. Qxd3 Qxf2+) 23... Nxf2 24. Qe3 Qh4 25. b3 Rf7 $2 ({Better is} 25... Rf4 $1 $19 {[%cal Rf4e4] White must now prevent ...Re4.} 26. Nc3 a4 $1 {[%mdl 512]}) 26. Raf1 Raf8 {[#]} 27. Nxc7 $1 {[%mdl 512] And now Ne6+ would win.} Qh5+ (27... Rxc7 $6 28. Rxf2 Rf5 29. Rxf5 $16) (27... Kg8 $1 $11 {keeps the balance.}) 28. g4 $16 Nxg4 29. Rxf7+ (29. Rxg4 Rxf1 30. Ne6+ Kg8 $15) 29... Rxf7 30. Ne6+ (30. hxg4 $6 Qh2+ 31. Ke1 Rxc7 $11) (30. Rxg4 Rxc7 31. Kd2 Qf5 $11) 30... Kg8 31. Qg5 $1 {[%cal Rg5d8]} (31. Rxg4 Qf5 $11) 31... Nf6+ 32. Qxh5 Nxh5 {[%mdl 4096] Endgame KRN-KRN} 33. Ke3 Ng7 34. Nxg7 (34. Rc1 $16) 34... Kxg7 {KR-KR} 35. c5 dxc5 36. Rc1 a4 (36... Rf4 $11) 37. Ke4 $1 ({Don't play} 37. Rxc5 $6 axb3 38. axb3 Rb7 $11) 37... axb3 38. axb3 Rb7 (38... Kf6 $16) 39. Rc3 $2 (39. Kxe5 Rxb3 40. d6 (40. Rxc5 Rxh3 41. Rc7+ Kf8 $11) 40... Kf7 $16) ({Only move:} 39. d6 $1 $18) 39... Kf6 $11 {aiming for ...Rb4+.} 40. Rf3+ Ke7 41. Kxe5 {Strongly threatening d6+.} Rb6 $1 42. Rd3 Rb4 $2 {[%mdl 8192]} (42... Kd7 $11) 43. d6+ $1 $18 Kd7 44. Rf3 h6 $2 (44... Kc6 45. Rf8 (45. Rf7 Kb6 $16) 45... h5) 45. Rf7+ Ke8 46. Re7+ Kd8 47. Rh7 (47. Kd5 $142 Rxb3 48. Ra7) 47... Rxb3 48. Rxh6 $2 (48. Ra7 $1 $18) 48... Kd7 $2 {[%mdl 8192]} (48... g5 $16 49. Kd5 Ra3 50. Kxc5 Rc3+ 51. Kd4 Ra3) 49. Rh7+ $1 Kc6 50. Rc7+ Kb6 51. h4 $2 ({White must play} 51. Rc8 $1 $18 {[%cal Rc8b8] White threatens Rb8+ and mate.} Rd3 52. Ke6 Re3+ 53. Kf7) 51... Rh3 $2 {[%mdl 8192] [#]} (51... Re3+ $14 52. Kd5 Rd3+ 53. Ke6 Re3+ 54. Kd7 Re4 55. Rc6+ Kb7 56. Rxc5 Rxh4 57. Rb5+ Ka6) 52. Rc8 $1 Rd3 {[#]} 53. Ke6 $1 Kb7 54. d7 Re3+ 55. Kf6 {Precision: White = 41%, Black = 36%.} 1-0

[Event "Bergamo Open 2017"]
[Site "Bergamo"]
[Date "2017.07.14"]
[Round "1"]
[White "Manea, Alexandru"]
[Black "Forno, Diego"]
[Result "*"]
[WhiteElo "2414"]
[BlackElo "2040"]
[Annotator "TA"]
[PlyCount "38"]
[EventDate "2017.??.??"]
[EventCountry "ITA"]
[SourceTitle "playchess.com"]
[Source "ChessBase"]
[SourceQuality "1"]

{[%evp 22,24,145,-3,21]} 1. e4 c5 2. Nf3 d6 3. d4 cxd4 4. Nxd4 Nf6 5. Nc3 a6 6. Bg5 e6 7. f4 h6 8. Bh4 Be7 9. Qf3 Nbd7 10. O-O-O Qc7 11. Bd3 b5 12. Rhe1 {LiveBook: 4 Games. B99: Sicilian Najdorf: 6 Bg5 e6 7 f4 Be7 8 Qf3 Qc7 9 0-0-0 Nbd7} (12. Nxe6 $16 fxe6 13. e5) (12. e5 Bb7 13. Qh3 dxe5 14. Nxe6 fxe6 15. Bg6+ Kf8 16. fxe5 Nxe5 17. Bg3 Qc5 18. Rd5 Qe3+ 19. Kb1 Nxg6 20. Rd3 Nf4 {0-1 (20) Wang,H (2696)-Dao,T (2510) Dresden 2008}) 12... Bb7 {Predecessor:} 13. Qg3 $146 g5 14. fxg5 hxg5 15. Bxg5 Rg8 16. Qh4 b4 17. Nb1 O-O-O 18. Rf1 Rxg5 19. Qxg5 Rg8 {½-½ (40) Blandon,L (2271)-Barrientos Chavarriaga,S (2475) Medellin 2015} *

[Event "Bergamo Open 2017"]
[Site "Bergamo"]
[Date "2017.07.14"]
[Round "1"]
[White "Langedijk, Ardjan"]
[Black "Ivanisevic, Ivan"]
[Result "0-1"]
[WhiteElo "2106"]
[BlackElo "2623"]
[Annotator "TA"]
[PlyCount "61"]
[EventDate "2017.??.??"]
[EventCountry "ITA"]
[SourceTitle "playchess.com"]
[Source "ChessBase"]
[SourceQuality "1"]

{[%evp 15,61,0,18,0,30,14,25,14,17,21,13,-67,6,-193,-233,-243,-228,-225,-229,-256,-312,-326,-240,-305,-150,-117,-122,-279,-239,-232,-228,-523,-198,-193,-181,-193,-182,-226,-233,-445,-427,-485,-389,-462,-441,-861,-615,-598]} 1. e4 c5 2. Nf3 d6 3. d4 cxd4 4. Nxd4 Nf6 5. Nc3 e6 6. Bc4 Be7 7. O-O O-O 8. Be3 Nc6 9. a4 {B88: Sicilian: Sozin Attack} (9. Kh1 Nxd4 10. Bxd4 Bd7 11. Qe2 Qa5 12. f4 Bc6 13. f5 e5 14. Bf2 b5 15. Bxb5 {½-½ (15) Kravtsiv,M (2583)-Fier,A (2583) Rome 2011}) 9... Nb4 $146 ({Predecessor:} 9... Bd7 10. f3 a6 11. Nxc6 Bxc6 12. a5 d5 13. exd5 exd5 14. Bb6 Qd6 15. Bb3 Bd8 16. Qd4 Re8 {½-½ (26) Rudolf,A (2293)-Kiss,A (2342) Szombathely 2010}) 10. Bb3 b6 11. f4 {White has an edge.} Bb7 12. Qf3 Rc8 13. g4 (13. Ndb5 $11) 13... Nd7 (13... d5 $15 14. e5 Ne4 15. Nxe4 dxe4) 14. Bxe6 $2 (14. Rad1 $11) 14... fxe6 $19 15. Nxe6 {[#]} Qe8 $1 16. Nxf8 Bxf8 ({Don't take} 16... Qxf8 17. Rad1 $17) ({Don't do} 16... Nxf8 17. Bf2 $17) 17. Rf2 Nf6 {[%cal Rf6e4]} 18. Re2 Nxe4 19. Bd4 {[%cal Rc3e4]} Rc4 (19... d5 $19 {and Black stays clearly on top. ...Ba6 is the strong threat.} 20. Rd1 Ba6) 20. Nxe4 $17 {Strongly threatening c3.} Rxd4 21. Rae1 $2 (21. Qb3+ $17 Bd5 22. Nf6+ gxf6 {[#]} 23. Qxd5+ $1 {[%mdl 512]} Rxd5 24. Rxe8) 21... Qc6 ({Not} 21... Qxa4 22. c3 $17) 22. c3 Rd3 23. Re3 $2 (23. Qf1 Nd5 24. g5) 23... Rxe3 $2 (23... Nc2 24. Rxd3 Nxe1 25. Nf6+ gxf6 26. Qxc6 Bxc6) 24. Rxe3 $19 Nd5 25. Re1 Qxa4 26. g5 Qd7 27. c4 $2 (27. f5 {was called for.}) 27... Ne7 28. Qd1 Nf5 29. b3 d5 30. Nc3 (30. cxd5 $142 Bxd5 31. h3) 30... Bc5+ 31. Kf1 {Precision: White = 15%, Black = 34%.} 0-1

[Event "Bergamo Open 2017"]
[Site "Bergamo"]
[Date "2017.07.14"]
[Round "1"]
[White "Tencati, Giuseppe"]
[Black "Landa, Konstantin"]
[Result "0-1"]
[WhiteElo "2097"]
[BlackElo "2617"]
[Annotator "TA"]
[PlyCount "88"]
[EventDate "2017.??.??"]
[EventCountry "ITA"]
[SourceTitle "playchess.com"]
[Source "ChessBase"]
[SourceQuality "1"]

{[%evp 9,88,-8,-4,-28,-29,-41,-64,-47,-40,-34,-33,-35,-38,-60,-60,-74,-65,-72,-69,-68,-61,-57,-39,-37,-34,-53,-36,-39,-46,-39,-51,-78,-79,-86,-68,-139,-141,-156,-152,-154,-153,-210,-210,-204,-210,-251,-246,-268,-271,-266,-255,-252,-267,-263,-237,-259,-178,-280,-289,-234,-146,-146,-146,-146,-147,-171,-171,-420,-401,-444,-431,-555,-544,-971,-916,-742,-579,-1356,-1345,-1265,-1233]} 1. f4 d5 2. Nf3 Bg4 3. e3 Nd7 4. d4 e6 5. b3 $146 ({Predecessor:} 5. Bd3 f5 6. O-O Bd6 7. c4 c6 8. b4 Ne7 9. Qb3 Bxf3 10. Rxf3 O-O 11. Nd2 Nf6 12. Rf1 {1-0 (45) Chigaev,M (2496)-Panarin,M (2558) Sochi 2015}) 5... c5 6. Bb2 {A03: Bird's Opening with 1...d5} Ngf6 7. Nbd2 cxd4 8. Bxd4 {Black is slightly better.} Bc5 9. Be2 Bxf3 10. Nxf3 Bxd4 11. exd4 Qc7 12. Qd2 Ne4 13. Qe3 Qxc2 14. O-O Qc6 15. Ne5 Nxe5 16. fxe5 O-O 17. Rac1 Qb6 $36 {[%mdl 2048] Black is pushing.} 18. Bd3 f5 {...f4! is the strong threat.} 19. exf6 $1 Nxf6 20. Rfe1 Rae8 21. h3 Nd7 22. Rc2 (22. Be2 $15) 22... e5 $17 {[%cal Be6e5,Be5e4][%mdl 32]} 23. Rf2 Rxf2 24. Qxf2 e4 {[#] And now ...Rf8 would win.} 25. Qe3 (25. Be2 $17) 25... Rc8 26. Be2 Nf6 27. Rd1 h6 28. Bg4 Nxg4 29. hxg4 $19 {[%mdl 4096] Endgame KQR-KQR} Qg6 30. Qf4 Rf8 31. Qe5 Qf7 ({Don't take} 31... Qxg4 32. Qxd5+ Kh7 33. Rf1 $17) 32. Rc1 Kh7 33. Rc7 (33. Qf5+ $142 Qxf5 34. gxf5) 33... Qf2+ 34. Kh2 {[%csl Gc7][%cal Re5g7]} Rf7 35. Rxf7 Qxf7 $17 {KQ-KQ} 36. a4 a5 37. Kg1 {[#]} Qd7 $1 38. g5 $2 (38. Kf2 {was necessary.}) 38... h5 $19 39. Kf2 Kg6 {Black is clearly winning.} 40. Ke3 Qf5 41. Qe8+ Kxg5 42. Qe7+ Kh6 {Hoping for ...Qg5+.} 43. Qxb7 Qg5+ 44. Kf2 Qd2+ {Precision: White = 35%, Black = 90%.} 0-1

[Event "Bergamo Open 2017"]
[Site "Bergamo"]
[Date "2017.07.14"]
[Round "1"]
[White "Zenari, Marco"]
[Black "Rambaldi, Francesco"]
[Result "0-1"]
[WhiteElo "2094"]
[BlackElo "2568"]
[Annotator "TA"]
[PlyCount "98"]
[EventDate "2017.??.??"]
[EventCountry "ITA"]
[SourceTitle "playchess.com"]
[Source "ChessBase"]
[SourceQuality "1"]

{[%evp 19,98,17,31,-4,2,-8,-11,-5,-9,-2,-4,-12,-10,-8,0,-27,-22,-42,0,-16,-14,-54,-30,-30,-21,-23,-19,-19,-11,-15,-22,-12,-16,-19,0,0,0,0,0,0,0,0,-2,-35,-33,-47,-46,-50,0,-52,0,-396,-395,-381,-344,-397,-386,-357,-78,-78,-78,-76,-77,-73,-73,-87,-43,-89,243,-56,-57,-691,-671,-29980,-29970,-4618,-4618,-29992,-29993,-29994,-29995]} 1. e4 e6 2. d4 d5 3. Nc3 Nf6 4. Bg5 dxe4 5. Nxe4 Be7 6. Bxf6 Bxf6 7. Nf3 Nd7 8. Bd3 c5 9. Nxf6+ Qxf6 10. O-O O-O {LiveBook: 4 Games} 11. Qe2 {C13: French: Classical System: 4 Bg5 Be7, Alekhine-Chatard Attack} cxd4 12. Qe4 {[%csl Gd3][%cal Re4h7] [#]} g6 13. Qxd4 {The position is equal.} Qxd4 14. Nxd4 Nc5 15. Bc4 Bd7 $146 ({Predecessor:} 15... Rd8 16. Rfd1 Na4 17. Nf3 Bd7 18. Rab1 Be8 {½-½ (28) Xu,Y (2505)-Zhukova,N (2450) New Delhi 2000}) 16. Rfd1 Rfd8 17. Kf1 Kf8 18. c3 Ke7 19. Re1 Rac8 20. Bd5 Nd3 (20... Kf6 $5 {[%cal Re6d5]} 21. Bb3 e5 $11) 21. Re3 Nxb2 22. Rb1 Na4 23. Rxb7 Kf8 24. Bb3 Nxc3 25. Rxa7 Rc5 {Strongly threatening ...Nb5.} 26. a4 e5 (26... Nd5 $5 {[%cal Rd5e3]} 27. Re5 Rc1+ 28. Re1 Rxe1+ 29. Kxe1 Nf4 $11) 27. Nf3 f6 28. Ne1 e4 29. f3 f5 30. g3 h6 31. Bc2 {[%cal Rf3e4]} Bc6 {White must now prevent ...Nd5.} 32. fxe4 fxe4 ({Don't play} 32... Bxe4 $6 33. Nd3 $11) 33. Bb3 Be8 34. Rh7 (34. Bc2 $11) 34... Rd2 (34... Rb8 $15 35. Bc2 Rb4) 35. Rxh6 $2 {[%mdl 8192]} (35. Nf3 $11 exf3 36. Rh8+ Kg7 37. Rhxe8) 35... Rf5+ $19 36. Kg1 Ne2+ 37. Kg2 Kg7 38. Rh4 g5 $2 (38... Bc6 $19 {aiming for ...Nd4+.} 39. Bc4 Nd4+ 40. Kh3 Rff2) 39. Rhxe4 $17 Nc3+ 40. Kg1 Nxe4 41. Rxe4 Bc6 42. Re6 Bd7 43. Re3 Rff2 $2 {[%mdl 8192]} (43... Rc5 $17 {stays on course. ...Rc1 is the strong threat.} 44. Re7+ Kg6) 44. Nf3 $2 ({White has to play} 44. Re7+ $18 Kf8 {[#]} 45. Rxd7 $1 {[%mdl 512]}) 44... Rb2 $15 45. Nxg5 $2 {[%mdl 8192]} (45. Re7+ $15 Kf8 46. Rxd7 Rxf3 47. Bc4) 45... Rg2+ $19 46. Kh1 {If White can now play Re7+ this consolidates a bit.} Rgd2 47. Nf3 Bc6 {( -> ...Rb1+)} 48. Re7+ Kf8 49. Rf7+ Ke8 {Precision: White = 26%, Black = 54%.} 0-1